000 00561nam a2200217Ia 4500
005 20231212103129.0
008 131103s9999 xx 000 0 und d
020 _a034037876 X
040 _aLoreto College
041 _aEnglish
082 _a428
_bARN
100 _aArnold,John
245 _aFocus,
_b
_cJohn Arnold and Roger Scott
250 _astudent's practice book one
260 _aLondon
_bHodder and Stoughton
_c1986
300 _a96 p.
_b ill.
650 _aCommunicative English
700 _aScott,Roger
850 _aLCLIB
942 _cBK
999 _c6399
_d56878